LEADER 01487nam1 2200337 i 450 001 IEI0109222 005 20251003044159.0 100 $a19970422d1997 ||||0itac50 ba 101 | $aita 102 $ait 181 1$6z01$ai $bxxxe 182 1$6z01$an 200 1 $aStudi crociani$fGiovanni Sartori 210 $aBologna$cIl mulino$d[1997] 215 $a2 v.$d22 cm. 463 1$1001IEI0109223$12001 $aˆ1: ‰Croce filosofo pratico e la crisi dell'etica$fGiovanni Sartori$v1 463 1$1001RAV0292711$12001 $aˆ2: ‰Croce etico-politico e filosofo della libertà$fGiovanni Sartori$v2 606 $aCroce, Benedetto$2FIR$3CFIC038929$9E 676 $a195$9FILOSOFIA OCCIDENTALE MODERNA. ITALIA$v20 676 $a195$9FILOSOFIA OCCIDENTALE MODERNA. ITALIA$v21 676 $a195$9FILOSOFIA OCCIDENTALE MODERNA. ITALIA$v23 700 1$aSartori$b, Giovanni$f <1924-2017>$3CFIV062588$4070$0743513 801 3$aIT$bIT-000000$c19970422 850 $aIT-BN0095 $aIT-NA0079 $aIT-NA0120 $aIT-NA0075 901 $bNAP 01$cPOZZO LIB.$nVi sono collocati fondi di economia, periodici di ingegneria e scienze, periodici di economia e statistica e altri fondi comprendenti documenti di economia pervenuti in dono. 912 $aIEI0109222 950 1$aBiblioteca Centralizzata di Ateneo$c1 v.$d 01POZZO LIB.ECON MON 8333 967 $m2 977 $a 01$a 63$a BN$a CR$a GE 996 $aStudi crociani$91560381 997 $aUNISANNIO